Účty pre deti a mládež
Detské účty sa zložením veľmi nelíšia od bežných balíkov. Slúžia však predovšetkým na osvojenie si narábania s peniazmi a pomáhajú pochopiť základné princípy bankového sveta. Dôvody prečo chcú banky mladých klientov.
Gespeichert in:
| 1. Verfasser: | |
|---|---|
| Format: | Buchkapitel |
| Sprache: | Slowakisch |
| Schlagworte: | |
| Tags: |
Keine Tags, Fügen Sie das erste Tag hinzu!
|
MARC
| LEADER | 00000naa a2200000 4500 | ||
|---|---|---|---|
| 001 | 0252976 | ||
| 005 | 20240502074046.7 | ||
| 041 | 0 | |a slo | |
| 044 | |a SK | ||
| 245 | 1 | 0 | |a Účty pre deti a mládež |c Pavel Škriniar |
| 520 | |a Detské účty sa zložením veľmi nelíšia od bežných balíkov. Slúžia však predovšetkým na osvojenie si narábania s peniazmi a pomáhajú pochopiť základné princípy bankového sveta. Dôvody prečo chcú banky mladých klientov. | ||
| 610 | 2 | 0 | |a účty |
| 610 | 2 | 0 | |a deti |
| 610 | 2 | 0 | |a účty bankové |
| 610 | 2 | 0 | |a sporenie obyvateľstva |
| 100 | 1 | |a Škriniar, Pavel, 1979- | |